| 000 | 01524nam0a22002891 4500 | ||
|---|---|---|---|
| 001 | rc\2690689 | ||
| 005 | 20250623162501.0 | ||
| 035 | _a(NLR Aleph) 006818979 | ||
| 090 |
_a6422984 _c6422984 |
||
| 100 | _a20110915d1933 |||y0rusy50 ca | ||
| 101 | 1 |
_arus _cger |
|
| 102 | _aRU | ||
| 105 | _aae z ||||| | ||
| 200 | 1 |
_aФизиология растений, как теория садоводства _fД-р Ганс Молиш проф. и дир. Ин-та физиологии растений при Венск. ун-те _gПер. с 6 нем. изд. учен. спец. Всес. ин-та растениеводства И. В. Красовской, И. И. Туманова _gПод ред. Т. А. Красносельской-Максимовой |
|
| 210 |
_aМосква _aЛенинград _cСельхозгиз _d1933 _eЛенинград _gтип. им. Володарского |
||
| 215 |
_aПереплет, 344 с. _cил. _d23х15 см. |
||
| 300 | _aНа обороте тит. л.: "Pflanzenphysiologie als theorie der gartnerei. Von dr. Hans Molisch..." | ||
| 700 | 1 |
_aМолиш _bГ. _f1856-1937 _gГанс |
|
| 702 | 1 |
_aТуманов _bИ.И. _4730 |
|
| 702 | 1 |
_4730 _7ca _8rus _aКрасовская _bИ. В. _f1896-1956 _gИрина Владимировна _9202116 _3RU\NLR\AUTH\770202167 |
|
| 702 | 1 |
_aКрасносельская-Максимова _bТ.А. _4340 |
|
| 801 | 0 |
_aRU _bNLR _gpsbo |
|
| 801 | 1 |
_aRU _bELAR _2rusmarc |
|
| 852 |
_aNLR _j33-4/260 |
||
| 942 | _cBOOK | ||
| 980 | _aNB | ||